LEADER 01260nam--2200373---450- 001 990001079370203316 005 20091020131939.0 010 $a2-865-92-104-2 035 $a000107937 035 $aUSA01000107937 035 $a(ALEPH)000107937USA01 035 $a000107937 100 $a20020510d2001----km-y0itay0103----ba 101 $afre 102 $aFR 105 $ay|||z|||001yy 200 1 $a<> éclats de l'Empire ou la communauté des états indépendants (CEI)$fYouri Roubinski 210 $aParis$cIfri, Institut frnçais des relations internationales$dcopyr.2001 215 $a163 p.$d21 cm 225 2 $a<> cahiers de l'Ifri$v33 410 0$12001$a<> cahiers de l'Ifri 606 0 $aComunità di stati indipendenti 676 $a341.026447 700 1$aROUBINSKI,$bYouri$0553775 801 0$aIT$bsalbc$gISBD 912 $a990001079370203316 951 $aXXIII.2.D. 68 (IG VIII 10 340)$b33031 G.$cXXIII.2.D. 68 (IG VIII)$d00081626 959 $aBK 969 $aGIU 979 $aPAOLA$b90$c20020510$lUSA01$h1103 979 $aPATRY$b90$c20040406$lUSA01$h1715 979 $aRSIAV5$b90$c20091020$lUSA01$h1319 996 $aÉclats de l'Empire ou la communauté des états indépendants (CEI$9979119 997 $aUNISA LEADER 01901nam 2200385z- 450 001 9910694500703321 005 20150326075939.0 035 $a(CKB)5860000000022498 035 $a(BIP)025375093 035 $a(EXLCZ)995860000000022498 100 $a20220406c2007uuuu -u- - 101 0 $aeng 200 10$aExamine coastal erosion causes, effects and solutions in Louisiana, including the Louisiana Coastal Area Ecosystem Restoration Plan proposed for authorization in the Water Resources Development Act of 2005 $ehearing before the Committee on Environment and Public Works, United States Senate, One Hundred Ninth Congress, first session, August 26, 2005 215 $a1 online resource (iii, 73 p.) $cill 311 $a0-16-080099-4 517 $aExamine coastal erosion causes, effects and solutions in Louisiana, including the Louisiana Coastal Area Ecosystem Restoration Plan proposed for authorization in the Water Resources Development Act of 2005 606 $aShore protection$zLouisiana 606 $aCoastal zone management$zLouisiana 606 $aWetland conservation$zLouisiana 606 $aWetland restoration$xGovernment policy$zLouisiana 606 $aEndangered ecosystems$xGovernment policy$zLouisiana 610 $aShore protection 610 $aCoastal zone management 610 $aWetlands 610 $aNature conservation 610 $aNature 615 0$aShore protection 615 0$aCoastal zone management 615 0$aWetland conservation 615 0$aWetland restoration$xGovernment policy 615 0$aEndangered ecosystems$xGovernment policy 906 $aBOOK 912 $a9910694500703321 996 $aExamine coastal erosion causes, effects and solutions in Louisiana, including the Louisiana Coastal Area Ecosystem Restoration Plan proposed for authorization in the Water Resources Development Act of 2005$93214328 997 $aUNINA LEADER 01380nam 22004573 450 001 9910163951003321 005 20241107093317.0 010 $a0-451-49398-2 035 $a(CKB)3710000001055765 035 $a(MiAaPQ)EBC6042637 035 $a(Au-PeEL)EBL6042637 035 $a(OCoLC)974148396 035 $a(ODN)ODN0002926062 035 $a(EXLCZ)993710000001055765 100 $a20210901d2017 uy 0 101 0 $aeng 135 $aurcnu|||||||| 181 $ctxt$2rdacontent 182 $cc$2rdamedia 183 $acr$2rdacarrier 200 12$aA Horse Walks into a Bar $eA Novel 205 $a1st ed. 210 $d2017 210 1$aWestminster :$cKnopf Doubleday Publishing Group,$d2017. 210 4$d©2017. 215 $a1 online resource (149 pages) 311 08$a0-451-49397-4 330 $a"A stand-up comedian recalls some of his darkest moments and traumatic memories from childhood on stage in front of a live audience"--$cProvided by publisher. 606 $aComedians 615 0$aComedians. 676 $a892.48/602 686 $aFIC046000$aFIC060000$aFIC111030$2bisacsh 700 $aGrossman$b David$0476367 701 $aCohen$b Jessica$01035467 801 0$bMiAaPQ 801 1$bMiAaPQ 801 2$bMiAaPQ 906 $aBOOK 912 $a9910163951003321 996 $aA Horse Walks into a Bar$92593797 997 $aUNINA